000 00499nam a2200181Ia 4500
005 20250326144131.0
008 250326s9999 xx 000 0 und d
037 _aTextbook
040 _aFMSL
_beng
_cFMSL
041 _aeng
_2eng
084 _aX3:8 K8
_qFMSL
100 _aDawe J
_9749104
245 0 _aFunctional business communication
_cDawe J; Lord Wj
260 _aNew Jersey
_bNew Jersey, Prentice -Hall
300 _a646p
942 _cTB
_hX3:8 K8
999 _c1302496
_d1302496